000
00294nam a22001337a 4500
008
181016b xxu||||| |||| 00| 0 eng d
020
_a
9780073190761
041
_a
eng
080
_2
8 ED
_a
710
100
_a
45
101
_a
ART
245
_a
Living With Art
_c
Mark.g
942
_2
udc
_c
BK
999
_c
49830
_d
49830